LEADER 00983nam a2200241 i 4500 001 991003266959707536 005 20020503185649.0 008 000523s1999 it ||| | ita 020 $a882224771X 035 $ab10481400-39ule_inst 035 $aEXGIL117937$9ExL 040 $aDip.to Filol. Ling. e Lett.$bita 245 10$aLeon Battista Alberti :$barchitettura e cultura :$batti del Convegno internazionale, Mantova, 16-19 novembre 1994 260 $aFirenze :$bL.S. Olschki,$c1999 300 $axii, 386 p., 60 p. di tav. :$bill. ;$c24 cm. 490 0 $aAccademia nazionale virgiliana di scienze lettere e arti. Miscellanea ;$v7 600 14$aAlberti, Leon Battista 907 $a.b10481400$b21-02-17$c27-06-02 912 $a991003266959707536 945 $aLE008 TS M II 90$g1$i2008000014629$lle008$o-$pE0.00$q-$rl$s- $t0$u1$v0$w1$x0$y.i10555663$z27-06-02 996 $aLeon Battista Alberti$9213579 997 $aUNISALENTO 998 $ale008$b01-01-00$cm$da $e-$fita$git $h0$i1 LEADER 01398nam a2200253 i 4500 001 991000927259707536 008 050323s1906 it ita 035 $ab13294234-39ule_inst 040 $aBiblioteca Interfacoltà$bita 082 4$a020 100 1 $aTaddei, Pietro$0622098 245 12$aL'archivista :$bmanuale teorico-pratico /$cPietro Taddei 260 $aMilano :$bU. Hoepli,$c1906 300 $aVIII, 486 p., [10] c. ripieg. ;$c16 cm 440 0$aManuali Hoepli 500 $aSul front.: Cenni storici; archivi antichi pubblici e privati; ecclesiastici; notarili; delle Opere pie; archivi generali in Italia; archivi piemontesi; archivi esteri; doveri dell'archivista; ordinamento amministrativo dello stato; competenze delle pubbliche amministrazioni; archivi dei pubblici uffici; formazione, ordinamentoo e direzione degli archiivi amministrativi; archivi speciali degli uffici di pubblica sicurezza; regolamenti antichi e moderni; modelli di registri e tabelle illustrative 650 4$aArchivistica$vManuali 907 $a.b13294234$b02-04-14$c23-03-05 912 $a991000927259707536 945 $aLE002 020 TAD (Fondo Guerrieri) 945 $aLE002 Bibl. I A 3 (Fondo Guerrieri)$g1$i2002000895653$lle002$o-$pE0.00$q-$rn$so $t0$u1$v0$w1$x0$y.i14036733$z23-03-05 996 $aArchivista$91104716 997 $aUNISALENTO 998 $ale002$b23-03-05$cm$da $e-$fita$git $h0$i0